01013nam a2200241 i 45000010005000000030009000050050017000140070003000310080041000340200018000750800031000930800032001241000047001562450085002032600080002883000040003686000079004086000063004877100051005508520033006019990015006349520122006498552ES-MaACL20251012063034.0t|920715s1987 sp ||||1| spa d a84-505-6151-5 a92 Pérez Galdós,Benito a86(Pérez Galdós,B.1.06)1 aPérez Vidal, José, d1907-1990916093410aGaldós b: años de aprendizaje en Madrid 1862-1868 / cJosé Pérez Vidal. aSanta Cruz de Tenerife : bVicepresidencia del Gobierno de Canarias,c1987. a376 p., [5] h. de lám. ; c21 cm.14aPérez Galdós, Benito,d1843-1920-xCrítica e interpretación99087514aPérez Galdós, Benito,d1843-1920-xBiografías9908741 aCanarias. bVicepresidencia del Gobierno92428 aES-MaACLjL-15937 bR.114818 c8552d8552 00104070aATENEOMbATENEOMcDEPO2d2008-01-17eSCl0oL-15937p1008735r2023-02-23 00:00:00w2023-02-23yMONOGRAFIA